<?xml version="1.0" encoding="UTF-8"?>
<collection xmlns="http://www.loc.gov/MARC21/slim">
 <record>
  <leader>01934nam a2200205Ia 4500</leader>
  <controlfield tag="001">CTU_171846</controlfield>
  <controlfield tag="008">210402s9999    xx            000 0 und d</controlfield>
  <datafield tag="082" ind1=" " ind2=" ">
   <subfield code="a">332.71</subfield>
  </datafield>
  <datafield tag="082" ind1=" " ind2=" ">
   <subfield code="b">W927</subfield>
  </datafield>
  <datafield tag="110" ind1=" " ind2=" ">
   <subfield code="a">The World Bank in Vietnam (WB)</subfield>
  </datafield>
  <datafield tag="245" ind1=" " ind2="4">
   <subfield code="a">The agricultural rehabilitation project =</subfield>
  </datafield>
  <datafield tag="245" ind1=" " ind2="0">
   <subfield code="b">Dự án khôi phục nông nghiệp</subfield>
  </datafield>
  <datafield tag="245" ind1=" " ind2="4">
   <subfield code="c">The World Bank in Vietnam (WB)</subfield>
  </datafield>
  <datafield tag="260" ind1=" " ind2=" ">
   <subfield code="a">Ha Noi</subfield>
  </datafield>
  <datafield tag="260" ind1=" " ind2=" ">
   <subfield code="b">The World Bank in Vietnam (WB)</subfield>
  </datafield>
  <datafield tag="260" ind1=" " ind2=" ">
   <subfield code="c">2003</subfield>
  </datafield>
  <datafield tag="520" ind1=" " ind2=" ">
   <subfield code="a">The objectives of the project are to support Government efforts to increase rural incomes and to assist Viet Nam's transition to a market economy through assistance to key agriculture institutions serving the newly emerged smallholder sector and to rubber production. It will be the first project in the sector since 1978 and will: 1) help rehabilitate agricultural support services by providing assistance to decentralize extension in 23 provinces, to improve plant protection services including integrated pest management, and to strengthen research in three key institutes; 2) provide supervised credit to about 50,000 private smallholder farm households in 10 provinces to purchase fertilizer, improved seeds and other inputs, and for on-farm development works; 3) rehabilitate about 160,000 ha of already established rubber of high potential productivity, provide additional processing capacity and upgrade the quality of rubber being produced through construction of 5 new latex processing facilities and rehabilitation of 4 old latex facilities; and 4) provide training, and technical assistance for policy analysis and preparation of follow-up projects to give more specialized assistance to the sector.</subfield>
  </datafield>
  <datafield tag="650" ind1=" " ind2=" ">
   <subfield code="a">Rural income,Thu nhập nông thôn,Rehabilitate agricultural,Phục hồi nông nghiệp</subfield>
  </datafield>
  <datafield tag="904" ind1=" " ind2=" ">
   <subfield code="i">Kiều Trang, Ngoc Anh, Trọng Hiếu</subfield>
  </datafield>
  <datafield tag="980" ind1=" " ind2=" ">
   <subfield code="a">Trung tâm Học liệu Trường Đại học Cần Thơ</subfield>
  </datafield>
 </record>
</collection>
